Prepare for take off (Record no. 84130)

MARC details
000 -LEADER
fixed length control field 00536cab a22001815a 4500
001 - CONTROL NUMBER
control field L156735
008 - FIXED-LENGTH DATA ELEMENTS--GENERAL INFORMATION
fixed length control field 120705s2012 xxka f 000 0 eng d
035 ## - SYSTEM CONTROL NUMBER
System control number (Sirsi) u156735
041 0# - LANGUAGE CODE
Language code of text/sound track or separate title eng
100 1# - MAIN ENTRY--PERSONAL NAME
Personal name Hamilton, Lucy
245 00 - TITLE STATEMENT
Title Prepare for take off
Remainder of title the use of UAVs in surveying
260 ## - PUBLICATION, DISTRIBUTION, ETC.
Date of publication, distribution, etc. 2012
490 ## - SERIES STATEMENT
Series statement Civil Engineering Surveyor
Volume/sequential designation June 2012, 26-27(2)
520 ## - SUMMARY, ETC.
Summary, etc. Looks at the use of unmanned aerial vehicles or drones in practice.
651 #4 - SUBJECT ADDED ENTRY--GEOGRAPHIC NAME
Geographic name International
690 ## - LOCAL SUBJECT ADDED ENTRY--TOPICAL TERM (OCLC, RLIN)
Topical term or geographic name as entry element Building surveying
9 (RLIN) 6225
942 ## - ADDED ENTRY ELEMENTS (KOHA)
Suppress in OPAC 0
Holdings
Withdrawn status Lost status Source of classification or shelving scheme Damaged status Not for loan Home library Current library Shelving location Date acquired Total Checkouts Full call number Barcode Date last seen Copy number Price effective from Koha item type
    Dewey Decimal Classification     London London Journal article 05/07/2012   L156735 156735-1001 06/08/2019 1 06/08/2019 Journal article